000 00314nam a22001217a 4500
008 180515b xxu||||| |||| 00| 0 eng d
041 _aeng
080 _a043.3
100 _a0
101 _aSHKI-BTH
245 _aKreativiteti i inxhinierëve të teknologjisë informative në Kosovë
_cThaçi,G
942 _2udc
_cBK
999 _c45827
_d45827